| 000 | 00889nac a22002291u 4500 | ||
|---|---|---|---|
| 010 | _a 96049553 | ||
| 020 | _a0849325137 (alk. paper) | ||
| 082 | 0 | 0 |
_a681.4 _bORL |
| 090 |
_c6384 _d6384 |
||
| 100 | _aOrloff, Jon. [ed.] | ||
| 245 | 0 | 0 |
_aHandbook of charged particle optics / _cedited by Jon Orloff. |
| 246 | 3 | _aCharged particle optics | |
| 260 |
_aBoca Raton, Fla. : _bCRC Press,c1997. _cc1997. |
||
| 300 |
_a512 p. : _bill. ; _c26 cm. |
||
| 500 | _aDistributer: Al-Ahram. | ||
| 504 | _aIncludes bibliographical references and index. | ||
| 511 | _aCatalogued By: Mahitab. | ||
| 650 | 0 |
_aOptical instruments _xDesign and construction _xHandbooks, manuals, etc. |
|
| 650 | 0 |
_aElectron optics _xHandbooks, manuals, etc. |
|
| 856 | 4 | 2 |
_3Publisher description _uhttp://www.loc.gov/catdir/enhancements/fy0744/96049553-d.html |
| 942 |
_cNB _k681.4ORL |
||
| 999 |
_c6384 _d6384 |
||